00397nam a2200145Ia 4500003000400000008004100004040001600045082001800061100001600079245004900095260004900144300001000193650001500203650003300218GCL140319s9999 xx 000 0 eng d aGCL / cGCL04a530.0924bF E1 aFRENCH, A.P10aEINSTEIN: A CENTENARY VOLUME / cFRENCH, A.P a[S.N] : bHARVARD UNVIERSITY PRESS ، c1979 a332 P04aPHYSICIANS04aEINSTEIN, ALBERT 1879 - 1955